000 00337nam a2200145Ia 4500
005 20251222141950.0
008 251222s9999||||xx |||||||||||||| ||spa||
020 _a84-7153-197-6
082 _aREF.473/S74
100 _aMir, José Marya
245 0 _aDiccionario Ilustrado:
250 _a12a.ed.
264 _bBibliograf
942 _cLIB
999 _c9652
_d9652